Fr. Conceicao Rodrigues College of Engineering

Software testing concepts and tools (Record no. 22077)

MARC details
000 -LEADER
fixed length control field 00390nam a2200169Ia 4500
082 ## - DEWEY DECIMAL CLASSIFICATION NUMBER
Classification number 5.15
Item number PUS
100 ## - MAIN ENTRY--PERSONAL NAME
Personal name Pusuluri/Nageswara Rao
245 ## - TITLE STATEMENT
Title Software testing concepts and tools
260 ## - PUBLICATION, DISTRIBUTION, ETC.
Name of publisher, distributor, etc. Dreamtech Press
Date of publication, distribution, etc. 2014
366 ## - TRADE AVAILABILITY INFORMATION
Publishers's discount category 27
300 ## - PHYSICAL DESCRIPTION
Extent 462
546 ## - LANGUAGE NOTE
Language note ENGLISH
-- electronics
650 ## - SUBJECT ADDED ENTRY--TOPICAL TERM
Topical term or geographic name entry element Software testing
654 ## - SUBJECT ADDED ENTRY--FACETED TOPICAL TERMS
Focus term software testing
942 ## - ADDED ENTRY ELEMENTS (KOHA)
Koha item type BOOK
Holdings
Withdrawn status Lost status Damaged status Not for loan Collection Home library Current library Date acquired Source of acquisition Cost, normal purchase price Inventory number Total Checkouts Full call number Barcode Date last seen Cost, replacement price Price effective from Koha item type
        CRC Fr. Agnel's C.Rodrigues College of Engineering Fr. Agnel's C.Rodrigues College of Engineering 17/03/2023 Allied Publishers 313.17 1037 dt 03.11.2015   5.15 PUS 23847 17/03/2023 429.00   BOOK